MyGZULibrary

Aid and reform in Africa : (Record no. 2403)

MARC details
000 -LEADER
fixed length control field 01280cam a22003254a 4500
001 - CONTROL NUMBER
control field 12195697
003 - CONTROL NUMBER IDENTIFIER
control field GZU
005 - DATE AND TIME OF LATEST TRANSACTION
control field 20201029111838.0
008 - FIXED-LENGTH DATA ELEMENTS--GENERAL INFORMATION
fixed length control field 001005s2001 dcua b i001 0 eng
010 ## - LIBRARY OF CONGRESS CONTROL NUMBER
LC control number 00050359
020 ## - INTERNATIONAL STANDARD BOOK NUMBER
International Standard Book Number 0821346695 (pbk.)
040 ## - CATALOGING SOURCE
Original cataloging agency DLC
Transcribing agency DLC
Modifying agency DLC
042 ## - AUTHENTICATION CODE
Authentication code pcc
043 ## - GEOGRAPHIC AREA CODE
Geographic area code f------
050 00 - LIBRARY OF CONGRESS CALL NUMBER
Classification number HC800
Item number .AID 2001
245 00 - TITLE STATEMENT
Title Aid and reform in Africa :
Remainder of title lessons from ten case studies /
Statement of responsibility, etc. edited by Shantayanan Devarajan, David R. Dollar, Torgny Holmgren.
246 14 - VARYING FORM OF TITLE
Title proper/short title Aid & reform in Africa
260 ## - PUBLICATION, DISTRIBUTION, ETC.
Place of publication, distribution, etc. Washington, D.C. :
Name of publisher, distributor, etc. World Bank,
Date of publication, distribution, etc. c2001.
300 ## - PHYSICAL DESCRIPTION
Extent xiii, 696 p. :
Other physical details ill. ;
Dimensions 23 cm.
504 ## - BIBLIOGRAPHY, ETC. NOTE
Bibliography, etc. note Includes bibliographical references and index.
650 #0 - SUBJECT ADDED ENTRY--TOPICAL TERM
Topical term or geographic name entry element Economic assistance
Geographic subdivision Africa.
651 #0 - SUBJECT ADDED ENTRY--GEOGRAPHIC NAME
Geographic name Africa
General subdivision Economic policy.
700 1# - ADDED ENTRY--PERSONAL NAME
Personal name Devarajan, Shantayanan,
Dates associated with a name 1954-
Relator term editor
700 1# - ADDED ENTRY--PERSONAL NAME
Personal name Dollar, David.
Relator term editor
700 1# - ADDED ENTRY--PERSONAL NAME
Personal name Holmgren, Torgny,
Dates associated with a name 1954-
Relator term editor
906 ## - LOCAL DATA ELEMENT F, LDF (RLIN)
a 7
b cbc
c orignew
d 1
e ocip
f 20
g y-gencatlg
942 ## - ADDED ENTRY ELEMENTS (KOHA)
Source of classification or shelving scheme Library of Congress Classification
Koha item type Books
Classification part 800
Item part AID
Call number prefix HC
Holdings
Withdrawn status Lost status Source of classification or shelving scheme Damaged status Not for loan Collection code Home library Current library Shelving location Date acquired Source of acquisition Total Checkouts Full call number Barcode Date last seen Copy number Price effective from Koha item type
    Library of Congress Classification     Non-fiction City Campus Library City Campus Library General Stacks 10/07/2003 University of Zimbabwe   HC800 AID 2001 B015900 10/29/2020 c. 1 10/29/2020 Books